| 000 | 00588nam a2200181Ia 4500 | ||
|---|---|---|---|
| 008 | 151202s9999||||xx |||||||||||||| ||und|| | ||
| 082 | _bPNVM-70201 | ||
| 100 | _aअत्रे प्र.के. | ||
| 245 | _aमी कसा झालो?. | ||
| 260 | _b"परचुरे प्रकाशन मंदिर,मुंबई." | ||
| 260 | _c70201 | ||
| 300 | _a454 | ||
| 600 | _aअत्रे प्र.के. | ||
| 630 | _aमी कसा झालो?. | ||
| 700 | _aअत्रे प्र.के. | ||
| 730 | _aमी कसा झालो?. | ||
| 942 | _cBOOK | ||
| 999 |
_c1336711 _d1336708 |
||